[Event "Rennes op 2nd"]
[Site "Rennes"]
[Date "2009.07.18"]
[Round "4"]
[White "Duquesnoy, Bruno"]
[Black "Pavlovic, Zarko"]
[Result "1-0"]
[WhiteElo "1900"]
[BlackElo "1790"]
[PlyCount "57"]
[EventDate "2009.07.15"]
[EventType "swiss"]
[EventRounds "9"]
[EventCountry "FRA"]
[SourceTitle "EXT 2011"]
[Source "ChessBase"]
[SourceDate "2010.11.26"]
[SourceVersion "1"]
[SourceVersionDate "2010.11.26"]
[SourceQuality "1"]

1. e4 e5 2. Nf3 Nc6 3. Bb5 d6 4. 0-0 Nf6 5. Re1 Bg4 6. c3 a6 7. Ba4 b5 8. Bc2 Be7 9. h3 Bh5 10. d3 h6 11. Be3 Qd7 12. d4 0-0 13. Nbd2 Nh7 14. g4 Bxg4 15. hxg4 Qxg4+ 16. Kf1 f5 17. exf5 Rxf5 18. Bxf5 Qxf5 19. Qb3+ Kh8 20. Qd5 Nf6 21. Qxc6 Rf8 22. dxe5 Nh5 23. Qe4 Qxe4 24. Nxe4 Rxf3 25. exd6 cxd6 26. Kg2 Rf7 27. Rad1 Kh7 28. Nxd6 Rf5 29. Nxf5 1-0

[Event "Rennes op 2nd"]
[Site "Rennes"]
[Date "2009.07.16"]
[Round "2"]
[White "Madeline, Paul"]
[Black "Pavlovic, Zarko"]
[Result "1/2-1/2"]
[WhiteElo "1579"]
[BlackElo "1790"]
[PlyCount "98"]
[EventDate "2009.07.15"]
[EventType "swiss"]
[EventRounds "9"]
[EventCountry "FRA"]
[SourceTitle "EXT 2011"]
[Source "ChessBase"]
[SourceDate "2010.11.26"]
[SourceVersion "1"]
[SourceVersionDate "2010.11.26"]
[SourceQuality "1"]

1. e4 e5 2. Nf3 Nc6 3. Bc4 h6 4. Nc3 Nf6 5. d3 d6 6. 0-0 Be7 7. Be3 a6 8. Qd2 Bg4 9. Ne1 Na5 10. Bd5 c6 11. Bxf7+ Kxf7 12. b4 Rf8 13. bxa5 Qxa5 14. Rb1 b5 15. a4 b4 16. Na2 c5 17. c3 Rab8 18. cxb4 Qxa4 19. Nc3 Qc6 20. Nc2 c4 21. f3 Be6 22. d4 exd4 23. Nxd4 Qd7 24. Rb2 d5 25. Nxe6 Qxe6 26. exd5 Qd7 27. Bc5 Bxc5+ 28. bxc5 Rxb2 29. Qxb2 Kg8 30. Qb4 Kh8 31. Qxc4 a5 32. c6 Qc7 33. Rb1 Qa7+ 34. Kf1 Ne8 35. Rb7 Qe3 36. c7 Nd6 37. Qc6 Qd3+ 38. Ke1 Nc4 39. Ne2 Qd2+ 40. Kf2 Qe3+ 41. Kf1 Rxf3+ 42. gxf3 Qxf3+ 43. Kg1 Qe3+ 44. Kh1 Qf3+ 45. Kg1 Qe3+ 46. Kf1 Nd2+ 47. Ke1 Nf3+ 48. Kf1 Nxh2+ 49. Kg2 Qxe2+ 1/2-1/2

[Event "Rennes op 1st"]
[Site "Rennes"]
[Date "2008.07.29"]
[Round "3"]
[White "Pavlovic, Zarko"]
[Black "Aubry, Yannis"]
[Result "0-1"]
[WhiteElo "1499"]
[BlackElo "1820"]
[PlyCount "94"]
[EventDate "2008.07.28"]
[EventType "swiss"]
[EventRounds "9"]
[EventCountry "FRA"]
[SourceTitle "EXT 2009"]
[Source "ChessBase"]
[SourceDate "2008.11.26"]
[SourceVersion "1"]
[SourceVersionDate "2008.11.26"]
[SourceQuality "1"]

1. e4 c5 2. c4 Nc6 3. d3 e6 4. Nf3 Nge7 5. Be2 d5 6. Bd2 d4 7. 0-0 Ng6 8. h3 Be7 9. Nh2 e5 10. Qc1 h5 11. Nf3 Qc7 12. Qd1 Nf4 13. Bxf4 exf4 14. Nh2 Qe5 15. Nf3 Qf6 16. Kh2 g5 17. e5 Nxe5 18. Nxe5 Qxe5 19. Bxh5 f3+ 20. Kg1 Rxh5 21. Qxf3 g4 22. Qg3 gxh3 23. Qg8+ Bf8 24. Nd2 Be6 25. Rae1 hxg2 26. Rxe5 gxf1Q+ 27. Nxf1 Rxe5 28. f4 Re2 29. Ng3 Rxb2 30. f5 Bd7 31. Ne4 0-0-0 32. Qg3 Bxf5 33. Nf6 Bd6 34. Qg5 Be6 35. Ne4 b6 36. Nxd6+ Rxd6 37. Qe7 Rd7 38. Qe8+ Kb7 39. Qh8 Rxa2 40. Qh1+ Bd5 41. Qh3 Bc6 42. Qf5 a5 43. Qf1 Rd2 44. Qb1 f5 45. Qf1 Rg7+ 46. Qg2 Rgxg2+ 47. Kf1 Rd1# 0-1